000 00232nam a22000857a 4500
008 160630b xxu||||| |||| 00| 0 eng d
100 _91473
_a Kapoors, S
245 _aKhazana of Indian Recipes
260 _aMumbai
_b Popular Prakashan
_c1999
999 _c1219
_d1219